Logo BPK

Biblioteka

Politechniki Koszalińskiej

Action research for language teachers / (Rekord nr 48236)

Szczegóły MARC
000 -ETYKIETA REKORDU
podpole kontrolne o stałej długości 00835nam a2200241 i 4500
001 - NUMER KONTROLNY REKORDU
pole kontrolne bgj
020 ## - MIĘDZYNARODOWY ZNORMALIZOWANY NUMER KSIĄŻKI - ISBN
ISBN 0521555353 (pbk)
040 ## - ŹRÓDŁO KATALOGOWANIA
Instytucja, która utworzyła rekord BPK
041 0# - KOD JĘZYKA
Kod języka tekstu eng
920 ## - Międzynarodowy znormalizowany numer książki – ISBN
ISBN 0-521-55535-3 (pbk)
008 - POLE O STAŁEJ DŁUGOŚCI - DANE KONTROLNE
podpole kontrolne o stałej długości s uk f |000 0 eng
100 1# - NAZWA OSOBOWA
Nazwa osobowa WALLACE, Michael J.
245 10 - TYTUŁ/ODPOWIEDZIALNOŚĆ
Tytuł Action research for language teachers /
Pozostałe elementy strefy tytułu i oznaczenia odpowiedzialności Michael J. Wallace.
260 ## - STREFA ADRESU WYDAWNICZEGO
Miejsce wydania Cambridge :
Nazwa wydawcy/dystrybutora Cambridge University Press,
Data publikacji, dystrybucji/powstania dokumentu 1998
Miejsce produkcji (Cambridge :
Nazwa producenta University Press).
300 ## - STREFA OPISU FIZYCZNEGO
Objętość 273 pp ;
Rozmiary 23 cm.
490 1# - STREFA SERII I DOKUMENTU WIELOCZĘŚCIOWEGO - FORMA NIE DO WYSZUKIWANIA
Tytuł i oznaczenie odpowiedzialności serii Cambridge Teacher Training and Development
504 ## - UWAGA DOTYCZĄCA BIBLIOGRAFII
Informacje o bibliografii Bibliography [266-269 pp].
505 ## - SFORMALIZOWANA UWAGA DOTYCZĄCA ZAWARTOŚCI
Pełny tekst uwagi Incl. index.
650 #9 - HASŁO PRZEDMIOTOWE W FORMIE NAZWY OGÓLNEJ LUB JEDNOSTKOWEJ
Nazwa ogólna lub geograficzna English language
Określnik ogólny Study and teaching
-- Research
-- Foreign speakers
650 #9 - HASŁO PRZEDMIOTOWE W FORMIE NAZWY OGÓLNEJ LUB JEDNOSTKOWEJ
Nazwa ogólna lub geograficzna Language and languages
Określnik ogólny Research
-- Study and teaching
830 ## - HASŁO DODATKOWE SERII LUB DOKUMENTU WIELOCZĘŚCIOWEGO - TYTUŁ UJEDNOLICONY
Tytuł ujednolicony Cambridge Teacher Training and Development
856 ## - LOKALIZACJA I DOSTĘP DO ELEKTRONICZNYCH DOKUMENTÓW ZDALNYCH
Link (URL) http://koha.tu.koszalin.pl/cgi-bin/koha/opac-detail.pl?biblionumber=48236
Tekst linku Katalog online BPK
942 ## - DODATKOWE ELEMENTY (KOHA)
Typ dokumentu Książka
Egzemplarze
Wycofany Status egzemplarza Uszkodzony Dostępność Lokalizacja stała Lokalizacja bieżąca Miejsce przechowywania Sygnatura Kod kreskowy Typ dokumentu
      Tylko na miejscu Biblioteka Politechniki Koszalińskiej Biblioteka Politechniki Koszalińskiej Czytelnia Wydziałowa ul. Kwiatkowskiego 6e KA 5457 09088030 Książka
© 2023 Biblioteka Politechniki Koszalińskiej :: KOHA